Catálogo
 En Linea

Report of the twenty-sixth fiscal period dominican customs receivership : (Registro nro. 30598)

Detalles MARC
000 -CABECERA
campo de control de longitud fija 00479nam a2200133 a 4500
001 - NÚMERO DE CONTROL
campo de control 000031106
005 - FECHA Y HORA DE LA ÚLTIMA TRANSACCIÓN
campo de control 20200930062717.0
008 - DATOS DE LONGITUD FIJA--INFORMACIÓN GENERAL
campo de control de longitud fija 110613s1933 dr c 000 0 spa d
040 ## - FUENTE DE LA CATALOGACIÓN
Centro catalogador/agencia de origen DO-SdBNP
Lengua de catalogación spa
Centro/agencia transcriptor BNPPHU
082 ## - NÚMERO DE LA CLASIFICACIÓN DECIMAL DEWEY
Número de clasificación xxxx
Número de documento/Ítem xxxx
245 00 - MENCIÓN DE TÍTULO
Título Report of the twenty-sixth fiscal period dominican customs receivership :
Resto del título together with summary of commerce for 1932.
260 ## - PUBLICACIÓN, DISTRIBUCIÓN, ETC.
Lugar de publicación, distribución, etc. washington :
Nombre del editor, distribuidor, etc. Government Printing Office,
Fecha de publicación, distribución, etc. 1933.
300 ## - DESCRIPCIÓN FÍSICA
Extensión 1 v. con varias paginaciones ;
Dimensiones 23 cm.
Existencias
Estado de retiro Estado de pérdida Restricciones de uso No para préstamo Código de colección Localización permanente Ubicación/localización actual Ubicación en estantería Fecha de adquisición Número de inventario Total de préstamos Signatura topográfica completa Código de barras Fecha visto por última vez Precio válido a partir de Tipo de ítem Koha Nota pública Número de copia
      Excluido de préstamo Raros y valiosos Patrimonio Dominicano Patrimonio Dominicano En catalogación 13.06.2011 LF1   xxxx xxxx 31106-10 25.06.2020 25.06.2020 No se presta Perteneció a la biblioteca personal de Carlos Larrazábal Blanco.  
      Excluido de préstamo Raros y valiosos Patrimonio Dominicano Patrimonio Dominicano En catalogación 13.06.2011 LF1   xxxx xxxx 31106-20 25.06.2020 25.06.2020 No se presta Perteneció a la biblioteca personal de Carlos Larrazábal Blanco. e. 2
        Patrimonio Dominicano Patrimonio Dominicano Patrimonio Dominicano Orden iniciada 13.06.2011 LF1   xxxx xxxx 31107-10 25.06.2020 25.06.2020 Libro y Folleto Colección Patrimonio Dominicano    

Con tecnología Koha